00988nam a2200181 a 450000100100000000500170001000800410002704000250006808200200009310000450011324500510015826000530020930000170026250000350027950000730031450503500038760000690073700001688420200929164958.0100312s2006 dr r 001 0 spa d aDO-SdBNPbspacBNPHU aRD868.42bH519o1 aHenríquez Ureña, Camila,d1894-1973.10aObras y apuntes /cCamila Henríquez Ureña. aSanto Domingo :bBanreservas,bUniversal,c2006. av. ;c23 cm. aIncluye índice onomástico. aIncluye referencias bibliográficas y notas al pie de las páginas0 av.1. Educación -- v.2. La mujer -- v.3. Testimonios -- v.4. Diarios y temas diversos -- v. 5. Literatura hipanoamericana -- v. 6. Sobre literatura española -- v.7. Sobre literaturas no hispánicas I -- v. 8. Sobre literaturas no hispánicas II -- v. 9. Invitación a la lectura y otros textos -- v.10. Epistolario y documentos personales.14aHENRÍQUEZ UREÑA, CAMILA,d1894-1973xCOLECCIONES DE ESCRITOS